MARC

LEADER 00000nam0a2200000 4500
001 279112
005 20231101235159.0
035 |a (RuTPU)RU\TPU\book\302390 
090 |a 279112 
100 |a 20141216d1986 k y0rusy50 ca 
101 0 |a rus 
102 |a LV 
105 |a a z 100zy 
200 1 |a Повышение надежности противоаварийного управления ОЭС  |e тезисы докладов Всесоюзного совещания, 22-24 апреля 1986 г., Рига  |f Рижский политехнический институт 
210 |a Рига  |c Изд-во Рижского политехнического ин-та  |d 1986 
215 |a 107 с.  |c ил. 
606 1 |a Энергетические системы  |x Релейная защита  |2 stltpush  |3 (RuTPU)RU\TPU\subj\21277  |9 46296 
610 1 |a Прибалтика 
610 1 |a энергосистемы 
610 1 |a диспетчерское управление 
610 1 |a устройства 
610 1 |a неправильные действия 
610 1 |a устранение 
610 1 |a техническое обслуживание 
610 1 |a противоаварийное управление 
610 1 |a оборудование 
610 1 |a противоаварийное управление 
675 |a 621.316.925(063)  |v 4 
712 0 2 |a Рижский политехнический институт  |2 stltpush  |3 (RuTPU)RU\TPU\col\7561  |9 24345 
712 1 2 |a Повышение надежности противоаварийного управления ОЭС  |c совещание  |e Рига  |f 1986 
801 1 |a RU  |b 63413507  |c 20141216 
801 2 |a RU  |b 63413507  |c 20160602  |g RCR 
942 |c BK